|
|
|
|
| LEADER |
00000nam a22000007a 4500 |
| 005 |
20110824143724.0 |
| 008 |
110824t2011 mx |||||s|||| 00| 0 spa d |
| 035 |
|
|
|a 5721
|
| 040 |
|
|
|a vLex
|
| 090 |
|
|
|c 2263
|d 2263
|
| 100 |
1 |
|
|a Hikal Carren̤, Wael Sarwat
|
| 245 |
1 |
0 |
|a Introduccin̤ al estudio de la criminologa̕
|b La necesidad de organizar y sistematizar el conocimiento criminolg̤ico /
|c Wael Sarwat Hikal Carren̤
|h [Recurso electrn̤ico] :
|
| 256 |
|
|
|a Servicio en ln̕ea.
|
| 260 |
|
|
|a [Mx̌ico] :
|b Editorial Porra︢,
|c 2011.
|
| 500 |
|
|
|a El motivo de este libro es en definitiva para cubrir las carencias que la Criminologa̕ ha tenido en su desarrollo, con esta nueva “propuesta” se pretende dar un cambio a la literatura y a la investigacin̤ cientf̕ica criminolg̤ica, tan necesaria desde diversos aspectos que el lector notar ̀durante el texto y que se basan en: lo polt̕ico; acadm̌ico; cientf̕ico; y laboral.
|
| 506 |
1 |
|
|a Contenido solo disponible en los productos indicados
|d vLex Global
|d vLex Global (Academic Edition, excluding Law Schools)
|d vLex Global (U.S. Academic Edition, Law Schools)
|d vLex Global (U.S. Academic Edition, excluding Law Schools)
|d vLex Global (Academic Edition, Law Schools)
|
| 650 |
0 |
4 |
|a Criminologa̕
|
| 740 |
0 |
|
|a vLex Libros (Servicio en ln̕ea)
|
| 856 |
4 |
0 |
|u http://vlex.com/source/5721
|z Acceso restringido
|
| 942 |
|
|
|c BOOK
|